| 000 | 00000nam##2200000za#4500 |
| 001 | 9.603275 |
| 003 | CaOODSP |
| 005 | 20210624211008 |
| 007 | cr ||||||||||| |
| 008 | 150406|2003||||xxc|||||o f|0| 0 fre|d |
| 040 | |aCaOODSP|bfre |
| 043 | |an-cn--- |
| 086 | 1 |aBT31-4/15-2003F-PDF |
| 110 | 1 |aCanada. |bConseil du trésor. |
| 245 | 10|aSecrétariat du Conseil du Trésor du Canada - rapport sur le rendement pour la période se terminant le 31 mars 2003 |h[ressource électronique] |
| 260 | |bSecrétariat du Conseil du Trésor du Canada |c2003. |
| 300 | |a86p.|bfigures (certaines en couleur), organigramme, tableaux, photographies |
| 490 | 1 |aRapport sur le rendement pour la période se terminant le 31 mars 2003 |
| 590 | |a12-06-Supp|b2012-03-07 |
| 775 | 08|tTreasury Board of Canada Secretariat, performance report for the period ending March 31, 2003 |w(CaOODSP)9.573033 |
| 776 | 0#|tTreasury Board of Canada Secretariat |w(CaOODSP)9.538492 |
| 776 | 0#|tSecrétariat du Conseil du Trésor du Canada |w(CaOODSP)9.538493 |
| 830 | #0|aRapport sur le rendement pour la période se terminant le 31 mars 2003.|w(CaOODSP)9.501309 |
| 856 | 40|ahttp://publications.gc.ca|qPDF|s500 Ko|uhttps://publications.gc.ca/collections/collection_2012/sct-tbs/BT31-4-15-2003-fra.pdf |